000 01126nmm a2200313 a 4500
001 ocm0002146387
003 TR-IsHL
005 20201028182542.0
008 190204s2018 tu tur
007 cr cn
020 _a9786055122355
035 _a2146387
_b(N$T)
050 0 4 _aPL248.T848
_bD5 2018
090 0 4 _aPL248.T848
_bD5 2018
100 1 _aTuğtağ, Melih
245 1 0 _aDikkat icat çıkabilir!
_h[electronic resource] /
_cMelih Tuğtağ ; resimleyen Çağrı Cebeci ; editör Büşra Kanoğlu
250 _a11. Baskı
260 _aİstanbul :
_bGenç Hayat Yayınları,
_c2018
300 _a171 p.
500 _a"Sessiz Sakin'in gürültülü maceraları" serisinin ikinci kitabıdır.
650 4 _aDil ve Edebiyat
650 4 _aLanguage and Literature
650 0 _aÇocuk romanı
_x Resimli çalışmalar
650 0 _aJuvenile fiction
_x Pictorial works
650 7 _aLITERARY COLLECTIONS / Middle Eastern
_2bisacsh
700 1 _aCebeci, Çağrı
700 1 _aKanoğlu, Büşra
856 4 0 _uhttp://search.ebscohost.com/login.aspx?direct=true&scope=site&db=e011xww&AN=2146387
999 _c20120
_d20120